Dopad regulácie na poskytovanie úverov domácnostiam na Slovensku bakalárska práca

Saved in:
Bibliographic Details
Main Author: Zemanová, Žaneta
Corporate Author: Národohospodárska fakulta EU. Katedra bankovníctva a medzinárodných financií
Other Authors: Makúch, Jozef, 1953-
Format: Book
Language:Slovak
Published: Bratislava 2021
Tags: Add Tag
No Tags, Be the first to tag this record!

MARC

LEADER 00000nbm a2200000 4500
001 0275102
005 20220110114623.2
041 0 |a slo 
044 |a SK 
245 1 0 |a Dopad regulácie na poskytovanie úverov domácnostiam na Slovensku  |b bakalárska práca  |c Žaneta Zemanová ; školiteľ: Jozef Makúch 
264 1 |a Bratislava  |c 2021 
300 |a 69 s. 
100 1 |a Zemanová, Žaneta 
700 1 |a Makúch, Jozef, 1953- 
710 2 |a Národohospodárska fakulta EU. Katedra bankovníctva a medzinárodných financií